Từ điển tiếng Anh cho học sinh: 2001 từ

Wedi'i Gadw mewn:
Manylion Llyfryddiaeth
Prif Awdur: P. Y. Loh
Fformat: Llyfr
Iaith:Undetermined
Cyhoeddwyd: Hà Nội Thế giới 1994
Pynciau:
Tagiau: Ychwanegu Tag
Dim Tagiau, Byddwch y cyntaf i dagio'r cofnod hwn!
Thư viện lưu trữ: Trung tâm Học liệu Trường Đại học Cần Thơ
LEADER 00544nam a2200205Ia 4500
001 CTU_65087
008 210402s9999 xx 000 0 und d
020 |b 44000 
082 |a 428.24 
082 |b L183 
100 |a P. Y. Loh 
245 0 |a Từ điển tiếng Anh cho học sinh: 2001 từ 
245 0 |c P. Y. Loh 
260 |a Hà Nội 
260 |b Thế giới 
260 |c 1994 
650 |a english language 
650 |x vocabularies 
904 |i Năm 
980 |a Trung tâm Học liệu Trường Đại học Cần Thơ